Riadenie rizík v leteckom priemysle

Prípadová štúdia o možnosti riadenia rizika výkyvov v dopyte po finálnej produkcii prostredníctvom kvantitatívnych metód. Aplikácia danej problematiky na letecký priemysel, kde dodávateľom amerického výrobcu lietadiel Boeing je slovenská elektrotechnická firma AVEX electronics. Použitá bola kvantita...

Descrizione completa

Salvato in:
Dettagli Bibliografici
Autore principale: Devečka, Martin
Altri autori: Furdová, Lucia, 1984-
Natura: Capitolo di libro
Lingua:slovacco
Soggetti:
Tags: Aggiungi Tag
Nessun Tag, puoi essere il primo ad aggiungerne!!

MARC

LEADER 00000naa$a2200000$$$4500
001 0142141
005 20240502072539.9
041 0 |a slo 
044 |a SK 
245 1 0 |a Riadenie rizík v leteckom priemysle  |c Martin Devečka, Lucia Furdová 
520 |a Prípadová štúdia o možnosti riadenia rizika výkyvov v dopyte po finálnej produkcii prostredníctvom kvantitatívnych metód. Aplikácia danej problematiky na letecký priemysel, kde dodávateľom amerického výrobcu lietadiel Boeing je slovenská elektrotechnická firma AVEX electronics. Použitá bola kvantitatívna metóda kĺzavého priemeru. Vyhodnotenie výsledkov a návrh metodiky riadenia rizika výkyvov v dopyte po finálnej produkcii v podmienkach slovenskej elektrotechnickej firmy. 
610 2 0 |a riadenie rizík 
610 2 0 |a risk management 
610 2 0 |a priemysel letecký 
610 2 0 |a dodávatelia 
610 2 0 |a odberatelia 
610 2 0 |a dopyt 
100 1 |a Devečka, Martin 
700 1 |a Furdová, Lucia, 1984-